000 00331nam a22001457a 4500
003 OSt
005 20211229145806.0
008 211229b |||||||| |||| 00| 0 eng d
020 _a0333904060
040 _cHU
082 _22nd
_a005.453
100 _aMhamdhere DM
_926116
245 _aCompler Construction
942 _2ddc
_cBOOKS
_n0
999 _c25040
_d25040